000 00521nam a22001937a 4500
999 _c167752
_d167752
005 20190918151315.0
010 _aENG-126488
020 _c395.00
_a9789380005348
035 _aEN-110020
037 _bDBAD/PUB
082 _aN
100 _aTolstoy ,Leo
245 _aWar and peace/
_cBy Leo Tolstoy
260 _aNoida
_bMaple Press
_c2018
270 _bNoida
_aA-63 ,Sector 58
_e201301
_minfo@maplepress.co.in
_k911204553581
300 _a1081p.
_c22cm(pbk)
650 _aENGLISH NOVEL
942 _2ddc
_cEN
_hN
_mTOL